Anuario Universidad Nacional de La Plata. (Record no. 223)

MARC details
000 -LEADER
campo de control de longitud fija 00717nas a22002171i#4500
001 - NÚMERO DE CONTROL
campo de control 223
003 - IDENTIFICADOR DE NÚMERO DE CONTROL
campo de control ES-MaACL
005 - FECHA Y HORA DE LA ÚLTIMA TRANSACCIÓN
campo de control 20250814062531.0
008 - DATOS DE LONGITUD FIJA--INFORMACIÓN GENERAL
campo de control de longitud fija 950801q19009999ag | | 1 ||pa d
080 ## - NÚMERO DE LA CLASIFICACIÓN DECIMAL UNIVERSAL
Número de la Clasificación Decimal Universal 5
110 2# - ENTRADA PRINCIPAL--NOMBRE DE ENTIDAD CORPORATIVA
Nombre de entidad corporativa o nombre de jurisdicción como elemento de entrada Universidad Nacional de La Plata.
Unidad subordinada Facultad de Ciencias Fisicomatemáticas Puras y Aplicadas.
9 (RLIN) 152924
245 10 - MENCIÓN DEL TÍTULO
Título Anuario Universidad Nacional de La Plata.
260 ## - PUBLICACIÓN, DISTRIBUCIÓN, ETC.
Lugar de publicación, distribución, etc. La Plata :
Nombre del editor, distribuidor, etc. Facultad de Ciencias Fisicomatemáticas Puras y Aplicadas,
Fecha de publicación, distribución, etc. [19--]
300 ## - DESCRIPCIÓN FÍSICA
Extensión 1 vol. ;
Dimensiones 26 cm.
362 1# - FECHAS DE PUBLICACIÓN Y/O DESIGNACIÓN SECUENCIAL
Fecha de publicación y/o designación secuencial [19--]
650 #4 - PUNTO DE ACCESO ADICIONAL DE MATERIA--TÉRMINO DE MATERIA
Término de materia o nombre geográfico como elemento de entrada Instituciones científicas y diversas
9 (RLIN) 13829
650 07 - PUNTO DE ACCESO ADICIONAL DE MATERIA--TÉRMINO DE MATERIA
Término de materia o nombre geográfico como elemento de entrada Ciencias
Fuente del encabezamiento o término embne
9 (RLIN) 10971
852 ## - LOCALIZACIÓN
Ubicación ES-MaACL
Número de control de estantería 1601-F-17
866 #1 - MENCIÓN TEXTUAL DE FONDOS--UNIDAD BIBLIOGRÁFICA BÁSICA
Fondos 1923.
Holdings
Estatus retirado Estado de pérdida Fuente del sistema de clasificación o colocación Estado de daño No para préstamo Colección Biblioteca de origen Biblioteca actual Ubicación en estantería Fecha de adquisición Total de préstamos Signatura topográfica completa Código de barras Visto por última vez Precio de reemplazo Tipo de ítem Koha
    Clasificación decimal universal     Colección de folletos Biblioteca del Ateneo de Madrid Biblioteca del Ateneo de Madrid Depósito folletos 17/01/2008   1601-F-17 1000225 23/02/2023 23/02/2023 Folleto